000 01070nam a2200313 a 4500
001 000046028
003 DO-SdBNP
005 20250131091245.0
007 ta
008 150611s2013 dr 001 0 spa d
020 _a9789945583120
040 _aDO-SdBNP
_bspa
_cBNPHU
_erda
041 _hspa
082 _axxx
_bF727l
_222
100 1 _aFornerín, Miguel Ángel,
_d1960-
_eautor
_922504
245 1 4 _aLos letrados y la nación dominicana. :
_bpolis, etnicidad, paideia, discurso y narración en Santo Domingo, 1900-1930 /
_cMiguel Ángel Fornerín.
264 _aSanto Domingo, :
_bSantuario
_bMediaisla,
_c2013.
300 _a207 páginas ;
_c23 cm.
336 _ardacontent
_btexto
_2txt
337 _ardamedia
_bsin mediación
_2n
338 _ardacarrier
_bvolumen
_2nc
500 _aIncluye notas a pie de páginas
500 _aIncluye índice de conceptos, nombres y lugares
500 _aIncluye datos biográficos del autor en la solapa.
504 _aBibliografía p: 195-202
590 _aInventariado,2025/DG
910 _aDG
942 _2ddc
_cLBS1
999 _c45517
_d45517